The life of offenders in South African Correctional Centre

Detalles Bibliográficos
Autor principal: Pieterse, Dannyboy
Formato: eBook
Lenguaje:inglés
Publicado: Pretoria: Scholars' Press, 2019
Materias:
Acceso en línea:Acceso restringido

MARC

LEADER 00000nam a22000007a 4500
005 20190918234537.0
007 cr|||| ||||
008 190918s2019 za |||||s|||| 00||0 eng d
020 |a 9786138826927 
035 |a 29365 
040 |a vLex 
090 |c 9571  |d 9571 
100 1 |a Pieterse, Dannyboy 
245 1 3 |a The life of offenders in South African Correctional Centre  |h [Recurso electrn̤ico] /  |c Dannyboy Pieterse 
256 |a Servicio en ln̕ea 
260 |a  Pretoria:  |b Scholars' Press,  |c 2019 
300 |a 1 recurso electrn̤ico 
500 |a South Africa is among the top 10 worldwide in terms of prison population in both absolute terms as well as relative to the general population/ per capita. One of South Africa’s main prison is the notorious Pollsmoor prison in Cape Town. Within Pollsmoor, there are five Correctional Centres with a total of about 8,846 prisoners: Medium A (both Juveniles and adult males remand), Maximum Security / Admission Centre (focusing on pre-trial detention / awaiting trial prisoners for male adult offenders), Medium B (Both adult men and Juveniles sentence offenders),Medium C (adult men prison) and the Female Centre (Women’s Prison for juveniles and adults; remand,sentenced offenders). 
506 1 |a Disponible solo en los productos indicados  |d vLex Global  |d vLex Global (Academic Edition, excluding Law Schools)  |d vLex Global (U.S. Academic Edition, Law Schools)  |d vLex Global (U.S. Academic Edition, excluding Law Schools)  |d vLex Global (Academic Edition, Law Schools) 
650 0 4 |a Derecho Penal  |z Sudf̀rica 
740 0 |a vLex Libros (Servicio en ln̕ea) 
856 4 0 |u http://vlex.com/source/29365  |z Acceso restringido 
942 |c BOOK 
999 0 |a Criminal law